000 00504nam a22001337a 4500
040 _cRUA
082 _aAGI NGU 2015 B512 Or.1
100 _aNGUON VANNANG; ងួន វណ្ណាង
245 _aEffects of aloevera on the wintermel on juice drink. ឥទ្ធិពលសាច់ប្រទាលកន្ទុយក្រពើទៅលើភេសជ្ជៈទឹកត្រលាច
260 _aRUA
_bNGU
_c2015
300 _aix,40p.
_bill.
_c29cm.
856 _uNGUON VANNANG
942 _cAGI
999 _c8996
_d8996